LEADER 01201nam a2200289 a 4500 001 000000142464 003 CaOOAMICUS 005 20150324135750.0 008 150324s1961 it a u000 u ita r 040 $aPUL$bita 041 1 $aita$hger 100 1 $aBurckhardt, Jacob,$d1818-1897.$0(OLS)http://pul/name/22853 240 10$aKultur der Renaissance in Italien.$lItaliano.$0(OLS)http://pul/title/76685 245 13$aLa civiltą del Rinascimento in Italia /$cJacob Burckhardt. 260 $aFirenze :$bSansoni,$c1961. 300 $a499, XVI p. :$bill. ;$c18 cm 490 1 $aLe piccole storie illustrate ;$v70 650 4$aRinascimento$zItalia.$0(OLS)http://pul/subject/5092 830 3$aLe piccole storie illustrate ;$v70.$0(OLS)http://pul/title/7025 850 $aPUL 852 $aPUL$W1$xDP1 Fondo Capitani$y116$m10 E 61$j43813$qFondi$B164550$CPULBib$Z2$F164550 $HCap913 $82 941 1 $a1 961 $aNota ms. di possesso: Capitani. 961 $aNel v. una lettera destinata a Capitani. 996 $6245$aLa civiltą del Rinascimento in Italia$9(OLS)http://pul/title/38317 996 $6260$aFirenze :$bSansoni$9(OLS)http://pul/publisher/47896 LEADER 01011nam a2200265 a 4500 001 000000169894 003 CaOOAMICUS 005 20181010144544.0 008 181010s1996 xxu 000 u eng r 020 $a0-19-505736-8* 032 $aLibriCat 040 $aPul$bita 100 1 $aEngelhardt, Hugo Tristram,$d1941-$0(OLS)http://pul/name/33980 245 14$aThe foundations of bioethics /$cH. Tristram Engelhardt jr . 250 $aSecond edition. 260 $aNew York ;$aOxford :$bOxford University Press,$c©1996. 300 $aXVIII, 446 p. ; $c24 cm. 650 4$aBioetica.$0(OLS)http://pul/subject/2868 850 $aPUL 852 $aPUL$W1$xDP1 Fondo Seidl$y56$m4 B 81$j163301$qFondi$B198006$CPULBib$Z2$F198006 $81 941 1 $a1 996 $6020$a0-19-505736-8*$9(OLS)http://pul/number/164885 996 $6245$aThe foundations of bioethics$9(OLS)http://pul/title/210557 996 $6260$aNew York ;$aOxford :$bOxford University Press$9(OLS)http://pul/publisher/74336